| 000 | 01226nam a2200301 i 4500 | ||
|---|---|---|---|
| 003 | EG-GICUC | ||
| 005 | 20260314091222.0 | ||
| 008 | 260125s1990 ua |||fr|||| 00| 0 ara d | ||
| 040 |
_a EG-GICUC _bara _c EG-GICUC _d EG-GICUC _erda |
||
| 041 | 0 | _aAra | |
| 082 | 0 | 4 |
_221 _a343.91 _bح ك |
| 092 | 0 | 4 | _221 |
| 099 | _aLaw1 10 343.91 ح ك 1990 | ||
| 245 | 0 | 0 | _aحكم المريض نفسيا أو عقليا فى التطبيق الجنائى الإسلامى. |
| 264 | 1 |
_aالرياض : _bالمركز العربى للدراسات الأمنية والتدريب، _c1990. |
|
| 300 |
_a150 صفحة؛ _c24 سم. |
||
| 336 |
_2rda content _atext |
||
| 337 |
_2rda media _aComputer |
||
| 338 |
_2rda carrier _aOnline Resource |
||
| 500 | _aأبحاث الندوة العلمية الثالثة عشرة والتى عقدت بمقر المركز فى الفترة من 12-14 ذى القعدة 1405 الموافق 29-31 يوليو 1985. | ||
| 546 | _aالنص باللغة العربية | ||
| 650 | 1 |
_aالطب الشرعى _2qrmak |
|
| 650 | 1 |
_aالقانون الجنائى _2qrmak |
|
| 651 | 1 | _2qrmak | |
| 856 | 4 | 0 | _uhttps://fll.law.cu.edu.eg/fulltext/bks/B10-08074.pdf |
| 905 | _a54 | ||
| 942 |
_2ddc _cBK _e21 _n0 |
||
| 999 |
_c59266 _d59266 |
||